Poesías completas
Kaydedildi:
| Yazar: | |
|---|---|
| Materyal Türü: | Kitap |
| Dil: | Spanish |
| Baskı/Yayın Bilgisi: |
Madrid, España
Espasa-Calpe
1975
|
| Konular: | |
| Etiketler: |
Etiketle
Etiket eklenmemiş, İlk siz ekleyin!
|
MARC
| LEADER | 00000nam a2200000Ia 4500 | ||
|---|---|---|---|
| 008 | 170316s9999 xx 000 0 spa d | ||
| 040 | |a cru BVZT | ||
| 090 | |a 862 E-10p | ||
| 100 | |a Espinosa, Pedro | ||
| 245 | |a Poesías completas | ||
| 260 | |a Madrid, España | ||
| 260 | |b Espasa-Calpe | ||
| 260 | |c 1975 | ||
| 300 | |a 212 páginas | ||
| 650 | |a LITERATURA ESPAÑOLA | ||
| 999 | |c 9806 |d 9806 | ||
| 942 | |c 15 D |h 862 E-10p |2 z | ||
